000 00477nam a2200169Ia 4500
003 GCL
008 140319s9999 xx 000 0 ara d
040 _aGCL /
_cGCL
082 0 4 _a811.009
_bع ا
245 1 0 _aمن اول قصيدة الى اخر طلقة: دراسة شعر الزبيرى
260 _a[S.N] :
_bدار الحداثة ،
_c1993
300 _a352 ص
490 _a
650 0 4 _aالشعر العربى
650 0 4 _aتاريخ ونقد
942 _2ddc
_cBK
999 _c55762
_d55762